00346nam a22001217a 4500003000400000005001700004008004100021040002700062100001800089245005600107260005300163300000800216OSt20240506160321.0240403b |||||||| |||| 00| 0 eng d cCentral Library MRSPTU aU.R Mediratta aGeneral English bSelf Approach to English Learning aNew DelhibJiwan Publishing House (P) Ltd. India a640